Povinné náležitosti pracovnej zmluvy

Pracovný pomer sa zakladá písomnou pracovnou zmluvou. Náležitosti pracovnej zmluvy - dojednanie druhu práce, miesto výkonu práce, deň nástupu do práce, mzdové podmienky. Vzor pracovnej zmluvy.

Gespeichert in:
Bibliographische Detailangaben
1. Verfasser: Matlovičová, Iveta
Format: Buchkapitel
Sprache:Slowakisch
Schlagworte:
Tags: Tag hinzufügen
Keine Tags, Fügen Sie das erste Tag hinzu!

MARC

LEADER 00000naa a2200000 4500
001 0235595
005 20241022134025.6
041 0 |a slo 
044 |a SK 
245 1 0 |a Povinné náležitosti pracovnej zmluvy  |c Iveta Matlovičová 
520 |a Pracovný pomer sa zakladá písomnou pracovnou zmluvou. Náležitosti pracovnej zmluvy - dojednanie druhu práce, miesto výkonu práce, deň nástupu do práce, mzdové podmienky. Vzor pracovnej zmluvy. 
610 2 0 |a právo pracovné 
610 2 0 |a zmluvy pracovné 
610 2 0 |a pomer pracovný 
610 2 0 |a podmienky mzdové 
100 1 |a Matlovičová, Iveta